Library Banner

The future of God (Record no. 85076)

MARC details
000 -LEADER
fixed length control field 00477nam a2200181Ia 4500
001 - CONTROL NUMBER
control field 72089
008 - FIXED-LENGTH DATA ELEMENTS--GENERAL INFORMATION
fixed length control field 160401s9999 xx 000 0 und d
020 ## - INTERNATIONAL STANDARD BOOK NUMBER
International Standard Book Number 9781846044151
040 ## - CATALOGING SOURCE
Transcribing agency PK-LaUMT
082 ## - DEWEY DECIMAL CLASSIFICATION NUMBER
Classification number 212.6
Item number CHO-F
100 ## - MAIN ENTRY--PERSONAL NAME
Personal name Chopra, Deepak
245 #4 - TITLE STATEMENT
Title The future of God
Remainder of title a practical approach to spirituality for our times
Statement of responsibility, etc Chopra, Deepak
260 ## - PUBLICATION, DISTRIBUTION, ETC. (IMPRINT)
Place of publication, distribution, etc London,UK:
Name of publisher, distributor, etc Rider,
Date of publication, distribution, etc 2014
300 ## - PHYSICAL DESCRIPTION
Extent 256 p.
546 ## - LANGUAGE NOTE
Language note EN
650 ## - SUBJECT ADDED ENTRY--TOPICAL TERM
Topical term or geographic name as entry element Spiritual life
942 ## - ADDED ENTRY ELEMENTS (KOHA)
Koha item type Books
Holdings
Withdrawn status Lost status Damaged status Not for loan Home library Current library Date acquired Total Checkouts Full call number Barcode Date last seen Date checked out Price effective from Koha item type
        UMT Main Campus UMT Main Campus 2016-04-01 2 212.6 CHO-F 98642 2017-03-08 2017-02-10 2016-04-01 Books